Statistics for NBA Teams Best Playmaker Ever

Click here to take the quiz!

General Stats

  • This quiz has been taken 15 times
  • The average score is 26 of 30

Answer Stats

TeamPlayer% Correct
LACChris Paul
100%
NOPChris Paul
100%
PORDamian Lillard
100%
DETIsiah Thomas
100%
HOUJames Harden
100%
MEMJa Morant
100%
MIALeBron James
100%
CLELeBron James
100%
CHIMichael Jordan
100%
OKLRussell Westbrook
100%
GSWSteph Curry
100%
PHOSteve Nash
100%
ATLTrae Young
100%
BKNJason Kidd
93%
DALLuka Doncic
93%
LALMagic Johnson
93%
DENNikola Jokic
93%
ORLPenny Hardaway
93%
INDReggie Miller
93%
SACOscar Robertson
86%
SASDavid Robinson
79%
UTAJohn Stockton
79%
CHAKemba Walker
79%
BOSLarry Bird
79%
WASJohn Wall
71%
TORKyle Lowry
64%
NYKWalt Frazier
64%
MILKareem Abdul-Jabbar
57%
MINKevin Garnett
57%
PHIWilt Chamberlain
50%

Score Distribution

Percentile by Number Answered

Percent of People with Each Score

Your Score History

You have not taken this quiz